| 000 | 01232cam a2200265 i 4500 | ||
|---|---|---|---|
| 999 |
_c57452 _d57452 |
||
| 001 | 18426548 | ||
| 005 | 20221107114917.0 | ||
| 008 | 150102s2015 paua bf 001 0 eng | ||
| 020 | _a9781451188806 X | ||
| 041 | _aeng | ||
| 080 | _a618.2 T-44 | ||
| 245 | 0 | 4 |
_aThe Johns Hopkins manual of gynecology and obstetrics / _cDepartment of Gynecology and Obstetrics, The Johns Hopkins University School of Medicine, Baltimore, Maryland ; editors, Clark T. Johnson, MD, MPH, Jennifer L. Hallock, MD, Jessica L. Bienstock, MD, MPH, Harold E. Fox, MD, MSc, Edward E. Wallach, MD. |
| 250 | _aFifth edition. | ||
| 264 | 1 |
_aPhiladelphia : _bWolters Kluwer, _c2015. |
|
| 300 |
_a712 pages : _billustrations ; _c21 cm. |
||
| 653 | _aგინეკოლოგია | ||
| 653 | _aმეანობა | ||
| 653 | _aმედიცინა | ||
| 700 | 1 |
_aJohnson, Clark T., _eრედაქტორი _98693 |
|
| 700 | 1 |
_aHallock, Jennifer L., _eრედაქტორი _98694 |
|
| 700 | 1 |
_aBienstock, Jessica L., _eრედაქტორი _98695 |
|
| 700 | 1 |
_aFox, Harold E. _q(Harold Edward), _d _eრედაქტორი _98696 |
|
| 700 | 1 |
_aWallach, Edward E., _d _eრედაქტორი _98697 |
|
| 942 |
_2udc _cBK |
||